000 00309nam a22001337a 4500
020 _a978-81-259-1651-2
082 _a330
100 _aDwived, D. N.
245 _aPrinciples of Economics
250 _a2nd
260 _aNew Delhi:
_bVikas Publishing,
_c2013
300 _axii, 626p.: ill.; 24cm
942 _cBK
999 _c22194
_d22194